Náklady v podvojnom účtovníctve
Vznik nákladov v podvojnom účtovníctve spôsobuje pokles aktív alebo zvýšenie záväzkov. Prvotný a druhotný náklad. Účtovné skupiny - finančné náklady.
Saved in:
| Main Author: | |
|---|---|
| Format: | Book Chapter |
| Language: | Slovak |
| Subjects: | |
| Tags: |
No Tags, Be the first to tag this record!
|
MARC
| LEADER | 00000naa a2200000 4500 | ||
|---|---|---|---|
| 001 | 0210730 | ||
| 005 | 20231114112541.2 | ||
| 041 | 0 | |a slo | |
| 044 | |a SK | ||
| 245 | 1 | 0 | |a Náklady v podvojnom účtovníctve |c Mária Cvečková |
| 520 | |a Vznik nákladov v podvojnom účtovníctve spôsobuje pokles aktív alebo zvýšenie záväzkov. Prvotný a druhotný náklad. Účtovné skupiny - finančné náklady. | ||
| 610 | 2 | 0 | |a účtovníctvo podvojné |
| 610 | 2 | 0 | |a náklady |
| 610 | 2 | 0 | |a výnosy |
| 610 | 2 | 0 | |a úpravy právne |
| 100 | 1 | |a Cvečková, Mária | |